Statistics for All 1M+ Languages on the Map

Click here to take the quiz!

General Stats

  • This quiz has been taken 1,091 times
  • The average score is 151 of 427

Answers on the Map

Answers color-coded by a green-red scale on the quiz's map according to % correct below.
Loading ...
 

Answer Stats

HintFamilyAnswer% Correct
United KingdomIndo-European372.9English
99%
SpainIndo-European474.7Spanish
99%
FranceIndo-European79.9French
97%
JamaicaCreole3.0Jamaican English Creole
97%
PortugalIndo-European232.4Portuguese
97%
AustriaIndo-European14.5Bavarian
96%
HaitiCreole8.2Haitian Creole
96%
ItalyIndo-European64.8Italian
96%
OmanAfro-Asiatic2.9Omani Spoken Arabic
96%
RussiaIndo-European154.0Russian
96%
GermanyIndo-European75.6Standard German
96%
SwitzerlandIndo-European6.4Swiss German
96%
GermanyIndo-European2.0Upper Saxon
96%
AlgeriaAfro-Asiatic34.7Algerian Spoken Arabic
95%
ChadAfro-Asiatic2.0Chadian Spoken Arabic
95%
EgyptAfro-Asiatic2.4Eastern Egyptian Bedawi Spoken Arabic
95%
EgyptAfro-Asiatic74.8Egyptian Spoken Arabic
95%
Yemen
Afro-Asiatic5.1Hadrami Spoken Arabic
95%
Saudi ArabiaAfro-Asiatic10.8Hijazi Spoken Arabic
95%
LibyaAfro-Asiatic5.3Libyan Spoken Arabic
95%
IraqAfro-Asiatic19.1Mesopotamian Spoken Arabic
95%
MoroccoAfro-Asiatic28.2Moroccan Spoken Arabic
95%
Saudi ArabiaAfro-Asiatic18.2Najdi Spoken Arabic
95%
NigeriaCreole4.7Nigerian Pidgin
95%
SyriaAfro-Asiatic29.8North Levantine Spoken Arabic
95%
IraqAfro-Asiatic10.3North Mesopotamian Spoken Arabic
95%
EgyptAfro-Asiatic24.1Sa'idi Spoken Arabic
95%
YemenAfro-Asiatic12.6Sanaani Spoken Arabic
95%
JordanAfro-Asiatic12.7South Levantine Spoken Arabic
95%
SudanAfro-Asiatic33.3Sudanese Spoken Arabic
95%
YemenAfro-Asiatic11.8Ta'izzi-Adeni Spoken Arabic
95%
TunisiaAfro-Asiatic11.7Tunisian Spoken Arabic
95%
CameroonCreole12.0Cameroon Pidgin
94%
KuwaitAfro-Asiatic10.7Gulf Spoken Arabic
94%
MauritaniaAfro-Asiatic4.9Hassaniyya
94%
MauritiusCreole1.0Morisyen
94%
PolandIndo-European40.0Polish
94%
SwedenIndo-European9.9Swedish
94%
Trinidad and TobagoCreole1.0Trinidadian English Creole
94%
BelgiumIndo-European1.2West Flemish
94%
South Africa
Indo-European
7.3Afrikaans
93%
NetherlandsIndo-European22.8Dutch
93%
GreeceIndo-European13.2Greek
93%
JapanJaponic125.3Japanese
93%
UkraineIndo-European27.4Ukrainian
93%
CroatiaIndo-European5.5Croatian
92%
FinlandUralic5.0Finnish
92%
SerbiaIndo-European10.3Serbian
92%
Bosnia and HerzegovinaIndo-European2.7Bosnian
91%
BrazilIndo-European3.0Hunsrik
91%
South KoreaKoreanic81.2Korean
91%
ChinaSino-Tibetan919.9Mandarin Chinese
91%
NorwayIndo-European5.3Norwegian
91%
TurkeyTurkic82.2Turkish
91%
Czech RepublicIndo-European10.7Czech
90%
Ivory CoastNiger-Congo1.6Dan
90%
Cape VerdeCreole1.1Kabuverdianu
90%
RomaniaIndo-European24.1Romanian
90%
BulgariaIndo-European8.3Bulgarian
89%
DenmarkIndo-European5.6Danish
89%
IndiaIndo-European343.9Hindi
89%
IndiaIndo-European6.0Kanauji
89%
NetherlandsIndo-European1.3Limburgish
89%
LithuaniaIndo-European2.9Lithuanian
89%
SlovakiaIndo-European5.2Slovak
89%
EstoniaUralic1.2Standard Estonian
89%
LatviaIndo-European1.5Standard Latvian
89%
BelarusIndo-European1.5Belarusian
88%
HungaryUralic12.6Hungarian
88%
TajikistanIndo-European8.2Tajik
88%
SloveniaIndo-European2.0Slovene
87%
AlbaniaIndo-European4.1Gheg Albanian
86%
AlbaniaIndo-European1.9Tosk Albanian
86%
AfghanistanIndo-European1.9Aimaq
84%
SpainIndo-European4.1Catalan
84%
ChinaHmong-Mien1.4Chuanqiandian Cluster Miao
84%
AfghanistanIndo-European9.5Dari
84%
AfghanistanIndo-European3.6Hazaragi
84%
ChinaHmong-Mien2.0Hmong Daw
84%
IranIndo-European56.4Iranian Persian
84%
ThailandKra-Dai15.0Northeastern Thai
84%
ChinaHmong-Mien1.3Northern Qiandong Miao
84%
IndonesiaCreole
5.0
Betawi
82%
North MacedoniaIndo-European1.7Macedonian
82%
ThailandKra-Dai6.0Northern Thai
82%
ArmeniaIndo-European3.8Armenian
81%
IndonesiaAustronesian1.6Central Malay
81%
GeorgiaKartvelian3.9Georgian
81%
IndonesiaAustronesian1.0Jambi Malay
81%
MalaysiaAustronesian2.6Kedah Malay
81%
MalaysiaAustronesian16.2Malay
81%
IndonesiaCreole1.8Manado Malay
81%
IndonesiaAustronesian3.1Musi
81%
ThailandAustronesian1.5Pattani Malay
81%
ThailandKra-Dai4.5Southern Thai
81%
ThailandKra-Dai20.7Thai
81%
PhilippinesAustronesian28.2Tagalog
80%
VietnamAustro-Asiatic84.6Vietnamese
80%
ArmeniaIndo-European1.6Western Armenian
80%
KazakhstanTurkic12.7Kazakh
79%
ChinaSino-Tibetan85.2Yue Chinese
79%
MongoliaMongolic2.7Halh Mongolian
78%
AzerbaijanTurkic9.2North Azerbaijani
78%
ChinaMongolic3.4Peripheral Mongolian
78%
IranTurkic14.6South Azerbaijani
78%
BangladeshIndo-European233.7Bengali
76%
UzbekistanTurkic27.7Northern Uzbek
76%
ItalyIndo-European4.7Sicilian
76%
AfghanistanTurkic4.8Southern Uzbek
76%
IsraelAfro-Asiatic6.1Hebrew
74%
TurkmenistanTurkic6.7Turkmen
73%
PakistanIndo-European70.2Urdu
73%
LaosKra-Dai3.7Lao
70%
IndiaDravidian78.4Tamil
70%
EthiopiaAfro-Asiatic32.4Amharic
69%
KyrgyzstanTurkic5.1Kyrgyz
69%
NepalIndo-European16.7Nepali
69%
TanzaniaNiger-Congo16.1Swahili
69%
DRCNiger-Congo2.0Congo Swahili
68%
PakistanIndo-European8.5Central Pashto
66%
PakistanIndo-European28.8Northern Pashto
66%
AfghanistanIndo-European16.3Southern Pashto
66%
MyanmarSino-Tibetan33.0Burmese
65%
IraqIndo-European5.3Central Kurdish
65%
IranIndo-European1.2Laki
65%
TurkeyIndo-European15.7Northern Kurdish
65%
SomaliaAfro-Asiatic21.8Somali
65%
IranIndo-European3.7Southern Kurdish
65%
South-AfricaNiger-Congo12.1Zulu
64%
CambodiaAustro-Asiatic17.0Khmer
63%
TanzaniaNiger-Congo1.2Ha
59%
ChinaSino-Tibetan81.8Wu Chinese
59%
IndiaIndo-European48.1Eastern Punjabi
58%
SpainIndo-European3.1Galician
58%
PakistanIndo-European66.4Western Punjabi
58%
PeruQuechuan1.5Cusco Quechua
54%
IndonesiaAustronesian43.6Indonesian
54%
BoliviaQuechuan1.6South Bolivian Quechua
54%
IndonesiaAustronesian68.3Javanese
53%
ThailandAustro-Asiatic1.4Northern Khmer
53%
South AfricaNiger-Congo8.2Xhosa
53%
EthiopiaAfro-Asiatic8.4Borana-Arsi-Guji Oromo
51%
NigeriaNiger-Congo30.8Igbo
49%
IndiaIndo-European2.6Sambalpuri
49%
IndiaIndo-European57.0Gujarati
48%
MadagascarAustronesian7.5Merina Malagasy
47%
MadagascarAustronesian1.3Northern Betsimisaraka Malagasy
47%
MadagascarAustronesian1.2Sakalava Malagasy
47%
MadagascarAustronesian2.0Southern Betsimisaraka Malagasy
47%
MadagascarAustronesian1.3Tandroy-Mahafaly Malagasy
47%
MadagascarAustronesian1.1Tesaka Malagasy
47%
MadagascarAustronesian1.6Tsimihety Malagasy
47%
ItalyIndo-European3.9Venetian
45%
DRCNiger-Congo6.2Koongo
44%
RussiaTurkic5.3Tatar
44%
LesothoNiger-Congo5.6Southern Sotho
43%
ChinaTurkic10.4Uyghur
43%
RussiaNakh-Daghestanian1.5Chechen
42%
DRCCreole4.2Kituba
42%
Republic of the CongoCreole1.8Kituba
42%
Sri LankaIndo-European15.5Sinhala
41%
ChinaSino-Tibetan1.8Amdo Tibetan
40%
ChinaSino-Tibetan1.2Central Tibetan
40%
ChinaSino-Tibetan1.4Khams Tibetan
40%
ItalyIndo-European5.7Napoletano-Calabrese
40%
South AfricaNiger-Congo4.6Northern Sotho
40%
NigeriaNiger-Congo43.6Yoruba
40%
ItalyIndo-European3.9Lombard
39%
IndiaIndo-European83.1Marathi
39%
IndiaIndo-European7.0Varhadi-Nagpuri
39%
ChinaSino-Tibetan22.2Gan Chinese
36%
SomaliaAfro-Asiatic2.6Maay
36%
IndiaDravidian82.7Telugu
36%
Paraguay
Tupian
6.5Paraguayan Guaraní
35%
RwandaNiger-Congo13.1Kinyarwanda
34%
MozambiqueNiger-Congo1.0Tswa
33%
ChinaSino-Tibetan49.3Min Nan Chinese
32%
BurundiNiger-Congo11.3Rundi
32%
ChinaSino-Tibetan3.2Pu-Xian Chinese
31%
BotswanaNiger-Congo5.9Setswana
31%
EswatiniNiger-Congo2.3Swati
31%
NigeriaAfro-Asiatic50.8Hausa
30%
IndiaDravidian43.6Kannada
30%
IndiaDravidian36.5Malayalam
30%
ChinaSino-Tibetan11.5Min Bei Chinese
30%
ChinaSino-Tibetan10.8Min Dong Chinese
30%
ChinaSino-Tibetan3.6Min Zhong Chinese
30%
EthiopiaAfro-Asiatic9.7Eastern Oromo
29%
IndiaIndo-European7.1Kashmiri
29%
EthiopiaAfro-Asiatic19.2West Central Oromo
29%
JapanJaponic1.2Central Okinawan
28%
IndiaIndo-European15.3Assamese
26%
IndonesiaAustronesian3.3Bali
26%
BoliviaAymaran1.5Central Aymara
25%
IndonesiaAustronesian32.4Sunda
25%
EritreaAfro-Asiatic9.8Tigrigna
25%
PakistanIndo-European2.9Eastern Balochi
24%
UgandaNiger-Congo5.6Ganda
24%
PakistanIndo-European3.6Southern Balochi
24%
PakistanIndo-European2.3Western Balochi
24%
PhilippinesAustronesian15.9Cebuano
23%
ChinaSino-Tibetan2.0Nuosu
23%
PakistanIndo-European33.2Sindhi
23%
South AfricaNiger-Congo1.1Ndebele
20%
ZimbabweNiger-Congo1.6Ndebele
20%
ChinaSino-Tibetan43.8Hakka Chinese
19%
IndiaIndo-European34.5Odia
19%
CameroonNiger-Congo3.0Adamawa Fulfulde
17%
MaliNiger-Congo1.5Maasina Fulfulde
17%
NigeriaNiger-Congo16.5Nigerian Fulfulde
17%
Burkina FasoNiger-Congo1.2Northeastern Burkina Faso Fulfulde
17%
IndiaIndo-European2.1Oadki
17%
SenegalNiger-Congo5.4Pulaar
17%
GuineaNiger-Congo4.8Pular
17%
MyanmarKra-Dai4.7Shan
17%
ChinaKra-Dai1.0Southern Dong
17%
NigerNiger-Congo2.3Western Niger Fulfulde
17%
IndiaAustro-Asiatic1.4Ho
16%
MozambiqueNiger-Congo1.5Ndau
16%
SenegalNiger-Congo5.9Wolof
16%
ZimbabweNiger-Congo7.4Shona
15%
AlgeriaAfro-Asiatic6.8Amazigh
14%
RussiaTurkic1.2Bashkort
14%
MalawiNiger-Congo14.4Chichewa
14%
RussiaTurkic1.1Chuvash
14%
GhanaNiger-Congo1.4Abron
13%
IndonesiaAustronesian2.8Aceh
13%
EthiopiaAfro-Asiatic2.5Afar
13%
RussiaAbkhaz-Adyghe1.9Kabardian
13%
South AfricaNiger-Congo6.6Tsonga
13%
IndiaIndo-European52.3Bhojpuri
12%
ChinaSino-Tibetan47.1Jinyu Chinese
12%
ChinaSino-Tibetan37.4Xiang Chinese
12%
IndiaIndo-European3.7Goan Konkani
11%
IndiaIndo-European2.2Konkani
11%
IndiaIndo-European33.9Maithili
11%
GhanaNiger-Congo8.3Akan
10%
DRCNiger-Congo20.3Lingala
10%
IranIndo-European1.1Southern Luri
10%
KenyaNilo-Saharan1.9Maasai
9%
IndiaSino-Tibetan1.8Meitei
9%
MyanmarSino-Tibetan1.1Pwo Eastern Karen
9%
MyanmarSino-Tibetan2.2S’gaw Karen
9%
South AfricaNiger-Congo1.3Venda
9%
DRC
Nilo-Saharan
1.7Alur
8%
ChinaKra-Dai1.1Central Hongshuihe Zhuang
8%
ChinaKra-Dai1.2Eastern Hongshuihe Zhuang
8%
ChinaKra-Dai1.5Guibei Zhuang
8%
ChinaKra-Dai1.0Guibian Zhuang
8%
ChinaKra-Dai1.6Liujiang Zhuang
8%
South SudanNilo-Saharan1.4Southwestern Dinka
8%
ChinaKra-Dai2.0Yongbei Zhuang
8%
ChinaKra-Dai1.8Yongnan Zhuang
8%
ChinaKra-Dai1.8Zuojiang Zhuang
8%
IndiaIndo-European16.3Chhattisgarhi
7%
BangladeshIndo-European13.0Chittagonian
7%
IndonesiaAustronesian1.7Makasar
7%
EritreaAfro-Asiatic1.4Tigré
7%
IndiaIndo-European4.4Awadhi
6%
IndiaIndo-European12.8Deccan
6%
IndiaIndo-European2.6Dogri
6%
PhilippinesAustronesian6.5Ilocano
6%
SenegalNiger-Congo1.9Mandinka
6%
ChadNilo-Saharan1.4Ngambay
6%
MyanmarIndo-European2.5Rohingya
6%
IndiaIndo-European1.7Surgujia
6%
ZambiaNiger-Congo1.5Tonga
6%
UgandaNilo-Saharan1.6Acholi
5%
IranIndo-European1.2Bakhtiâri
5%
IndiaSino-Tibetan1.5Boro
5%
MoroccoAfro-Asiatic4.7Central Atlas Tamazight
5%
KenyaNilo-Saharan5.3Dholuo
5%
KenyaNiger-Congo8.2
Gikuyu
5%
GhanaNiger-Congo5.0Éwé
5%
IndiaIndo-European3.0Godwari
5%
IndiaIndo-European9.8Haryanvi
5%
GuatemalaMayan1.1K’iche’
5%
IndiaIndo-European7.9Marwari
5%
IndiaIndo-European3.9Merwari
5%
IranIndo-European1.8Northern Luri
5%
South SudanNilo-Saharan1.7Nuer
5%
IndiaAustro-Asiatic7.6Santhali
5%
TurkeyIndo-European1.3Southern Zazaki
5%
BangladeshIndo-European10.0Sylheti
5%
IndiaDravidian1.9Tulu
5%
MaliNiger-Congo4.2Bamanankan
4%
SudanAfro-Asiatic2.5Bedawiyet
4%
Equatorial GuineaNiger-Congo1.1Fang
4%
BeninNiger-Congo2.1Fon
4%
IranIndo-European2.5Gilaki
4%
PhilippinesAustronesian6.2Hiligaynon
4%
ChinaSino-Tibetan5.4Huizhou Chinese
4%
IndiaIndo-European1.2Kacchi
4%
UgandaNilo-Saharan2.1Lango
4%
DRCNiger-Congo6.4Luba-Kasai
4%
IndonesiaAustronesian7.8Madura
4%
IndiaIndo-European20.7Magahi
4%
IranIndo-European2.3Mazandarani
4%
MyanmarSino-Tibetan1.0Rakhine
4%
PakistanIndo-European26.2Saraiki
4%
DRCNiger-Congo1.0Songe
4%
NigeriaNilo-Saharan8.3Yerwa Kanuri
4%
BeninNiger-Congo1.0Baatonum
3%
IndonesiaAustronesian3.7Banjar
3%
IndonesiaAustronesian1.6Batak Toba
3%
PakistanDravidian2.9Brahui
3%
NigeriaNiger-Congo2.0Edo
3%
IndiaAustro-Asiatic1.1Khasi
3%
AngolaNiger-Congo1.7Kimbundu
3%
IndiaIndo-European5.1Lambadi
3%
DRCNiger-Congo1.5Luba-Katanga
3%
IndiaIndo-European4.2Mewari
3%
IndiaDravidian2.0Northern Gondi
3%
PakistanIndo-European3.6Northern Hindko
3%
EthiopiaAfro-Asiatic4.3Sidamo
3%
PakistanIndo-European1.2Southern Hindko
3%
MoroccoAfro-Asiatic4.4Tarifit
3%
AngolaNiger-Congo7.0Umbundu
3%
PhilippinesAustronesian2.6Waray-Waray
3%
MalawiNiger-Congo3.7Yao
3%
NigeriaNiger-Congo2.9Anaang
2%
IndiaIndo-European2.7Bagheli
2%
ZambiaNiger-Congo4.1Bemba
2%
IndiaIndo-European3.3Bhili
2%
IndiaIndo-European1.6Braj Bhasha
2%
IndonesiaAustronesian3.9Bugis
2%
IndiaIndo-European5.6Bundeli
2%
PhilippinesAustronesian2.5Central Bikol
2%
UgandaNiger-Congo2.4Chiga
2%
AngolaNiger-Congo2.5Chokwe
2%
IndiaIndo-European1.5Dhundari
2%
GuineaNiger-Congo3.7Eastern Maninkakan
2%
IndiaIndo-European2.5Garhwali
2%
IndiaSino-Tibetan1.3Garo
2%
NigeriaNiger-Congo6.3Ibibio
2%
NigeriaNiger-Congo2.4Izon
2%
IndiaDravidian2.1Kurux
2%
MozambiqueNiger-Congo2.5Lomwe
2%
PhilippinesAustronesian1.1Maguindanaon
2%
IndiaIndo-European1.0Mahasu Pahari
2%
MozambiqueNiger-Congo4.0Makhuwa
2%
MozambiqueNiger-Congo1.7Makhuwa-Meetto
2%
IndiaIndo-European5.4Malvi
2%
Sierra LeoneNiger-Congo2.5Mende
2%
Burkina FasoNiger-Congo8.0Moòré
2%
IndiaAustro-Asiatic1.2Mundari
2%
VietnamKra-Dai1.1Nung
2%
NigeriaNiger-Congo1.8Nupe-Nupe-Tako
2%
PakistanIndo-European3.5Pahari-Potwari
2%
GuatemalaMayan1.1Q’eqchi’
2%
BangladeshIndo-European10.5Rangpuri
2%
IndiaIndo-European5.1Sadri
2%
MozambiqueNiger-Congo2.0Sena
2%
SenegalNiger-Congo1.7Serer-Sine
2%
MaliNiger-Congo2.2Soninke
2%
TanzaniaNiger-Congo8.1Sukuma
2%
GuineaNiger-Congo2.4Susu
2%
MoroccoAfro-Asiatic5.1Tachelhit
2%
NigeriaNiger-Congo4.6Tiv
2%
KenyaNilo-Saharan1.0Turkana
2%
IndiaIndo-European3.4Wagdi
2%
SenegalNiger-Congo2.1Western Maninkakan
2%
EthiopiaAfro-Asiatic2.4Wolaytta
2%
NigerNilo-Saharan4.3Zarma
2%
India
Indo-European
1.6Ahirani
1%
BeninNiger-Congo1.1Aja
1%
Ivory CoastNiger-Congo1.5Anyin
1%
UgandaNilo-Saharan2.8Ateso
1%
IndiaIndo-European2.2Bagri
1%
Ivory CoastNiger-Congo4.7Baoulé
1%
NigeriaNiger-Congo1.3Berom
1%
ChinaKra-Dai3.0Bouyei
1%
KenyaNiger-Congo1.2Bukusu
1%
MozambiqueNiger-Congo1.1Chopi
1%
GhanaNiger-Congo1.2Dagbani
1%
GhanaNiger-Congo1.0Dangme
1%
NepalSino-Tibetan1.2Eastern Tamang
1%
NigeriaNiger-Congo2.2Ebira
1%
KenyaNiger-Congo2.7Ekegusii
1%
EthiopiaAfro-Asiatic1.6Gamo
1%
NigeriaNiger-Congo1.3Gbagyi
1%
EthiopiaAfro-Asiatic1.4Gedeo
1%
TanzaniaNiger-Congo1.1Gogo
1%
Burkina FasoNiger-Congo1.1Gourmanchéma
1%
IndiaIndo-European1.7Gujari
1%
BeninNiger-Congo1.2Gun
1%
EthiopiaAfro-Asiatic1.8Hadiyya
1%
IndiaIndo-European2.9Haroti
1%
TanzaniaNiger-Congo1.9Haya
1%
TanzaniaNiger-Congo1.2Hehe
1%
NigeriaNiger-Congo1.6Igala
1%
Ivory CoastNiger-Congo2.2Jula
1%
EthiopiaAfro-Asiatic1.2Kafa
1%
KenyaNiger-Congo4.7Kamba
1%
IndiaIndo-European1.1Kangri
1%
PhilippinesAustronesian2.0Kapampangan
1%
KenyaNiger-Congo1.2Kigiryama
1%
KenyaNiger-Congo2.0Kimîîru
1%
KenyaNilo-Saharan1.9Kipsigis
1%
IndiaIndo-European2.1Kumaoni
1%
UgandaNilo-Saharan1.9Lugbara
1%
TanzaniaNiger-Congo2.0Makonde
1%
MalawiNiger-Congo4.0Malawi Lomwe
1%
UgandaNiger-Congo1.7Masaaba
1%
IndonesiaAustronesian4.9Minangkabau
1%
VietnamAustro-Asiatic1.5Muong
1%
DRCNiger-Congo1.0Ngbaka
1%
IndiaIndo-European2.3Nimadi
1%
ChinaSino-Tibetan1.7Northern Pinghua
1%
TanzaniaNiger-Congo1.4Nyakyusa-Ngonde
1%
TanzaniaNiger-Congo1.5Nyamwezi
1%
AngolaNiger-Congo1.0Nyaneka
1%
UgandaNiger-Congo3.4Nyankore
1%
AngolaNiger-Congo1.3Oshiwambo
1%
PhilippinesAustronesian1.2Pangasinan
1%
IndonesiaAustronesian2.1Sasak
1%
EthiopiaAfro-Asiatic2.2Sebat Bet Gurage
1%
IndiaIndo-European3.0Shekhawati
1%
UgandaNiger-Congo3.0Soga
1%
ChinaSino-Tibetan2.4Southern Pinghua
1%
IndiaIndo-European2.3Surjapuri
1%
AlgeriaAfro-Asiatic2.3Tachawit
1%
VietnamKra-Dai1.9Tày
1%
Sierra LeoneNiger-Congo1.8Themne
1%
MalawiNiger-Congo2.3Tumbuka
1%
DRCNiger-Congo1.8Zande
1%
NigeriaNiger-Congo1.1Urhobo
0%

Score Distribution

Percentile by Number Answered

Percent of People with Each Score

Your Score History

You have not taken this quiz